02925nam a2200265 i 4500003000500000005001700005008004100022040002700063100003600090245018900126260007300315300001700388336002100405337002500426338002300451502010000474504004200574520180100616700004002417700004202457720004002499720004402539720003802583720003802621CSPC20260306110223.0260306s2025 ph a b 000 0 eng d aCSPCbeng cCSPCerda 1 aTalangan, Jasper E., eauthor. 10aEvaluating the effectiveness of total quality management (TQM) of document management in CSPC Buhi Campus / cJasper E. Talangan, Ma. Marie B. Villaflor, and Joshua Nathan U. Zaballa.  aBuhi, Camarines Sur : bCamarines Sur Polytechnic Colleges, c2025.  a129 leaves.  2rdacontentatext 2rdamediaaunmediated 2rdacarrieravolume aUndergraduate Thesis (BSOA)- Office Administration. cCamarines Sur Polytechnic Colleges, 2025. aIncludes bibliographical references. 3 aThis research examined how well Total Quality Management (TQM) works in the document management and filling system of CSPC Buhi Campus. The main goal was to measure how much TQM was put into practice and how effective it was in managing documents. The important factors included TQM principles such as customer focus, employee involvement, process centered, communication and continuous improvement; along with the effectiveness of document management concerning accessibility, completeness, security and confidentiality. The study was conducted at CSPC Buhi Campus during Academic Year 2024-2025. The respondents of this study are total of 20 Regular Administrative Officers. Additionally, data was collected through a structured survey questionnaire to assess TQM implementation, system effectiveness, challenges, and best practices. A quantitative research method was used in this study. Results showed that TQM principles were mostly applied well in the document management system. Customer service was found to be effective, with employees actively involved in daily document management task and operations following organized procedures with clear communications. The aspects of document management such as accessibility, completeness, and security and confidentiality were seen as effectively maintained. However, challenges were identified, including strategic planning for TQM, outdated technology, difficulties in tracking processes, and resistance to changes in procedures. The study concludes that while CSPC Buhi Campus shows a strong use of TQM in document management, ongoing improvement in areas like strategic planning, technology upgrades, and feedback systems is needed to maintain quality, efficiency, and long-term effectiveness of the filing operations at CSPC Buhi Campus. 1 aVillaflor, Ma. Marie B., eauthor. 1 aZaballa, Joshua Nathan U., eauthor. 1 aVerona, Lea Katrine S., eadviser. 1 aVillar, Mariber M., epanelist, chair. 1 aInfante, Leonisa O., epanelist. 1 aAdriano, Rolando B., epanelist.